00405nam a2200181Ia 4500008004100000020001400041050001400055100001800069245001800087245001800105260001500123260001600138260000900154300001500163300002700178300001000205500000800215170918s9999 xx 000 0 und d a590098594 bL797 1975 aLobel, Arnold aOwl at home / cArnold Lobel. aNew York : bScholastic, c1975 a64 pages : bcolored illustration ; c21cm. a370